LEADER 01154nam2-2200385---450- 001 990003187220203316 005 20100601124833.0 035 $a000318722 035 $aUSA01000318722 035 $a(ALEPH)000318722USA01 035 $a000318722 100 $a20090113d1994----km-y0itay50------ba 101 $aeng 102 $aBE 105 $a||||||||001yy 200 1 $a<<10.>>: Wine in the Mycenaean palace economy$fRuth Palmer 210 $aLiege$cUniversité de Liege, Histoire de l'art et archéologie de la Grece antique$d1994 215 $aXXX, 209 p., 7 p. di tav.$d30 cm 410 0$12001 454 1$12001 461 1$1001000318661$12001 606 0 $aCiviltà cretese-micenea 676 $a939 700 1$aPALMER,$bRuth$0602961 801 0$aIT$bsalbc$gISBD 912 $a990003187220203316 951 $aI SE AEG 2$b3719 DBC$cI R 959 $aBK 969 $aDBC 979 $aDBC$b90$c20090113$lUSA01$h1101 979 $aDBC$b90$c20090113$lUSA01$h1104 979 $aDBC$b90$c20090113$lUSA01$h1110 979 $aDBC$b90$c20100601$lUSA01$h1248 996 $aWine in the Mycenaean palace economy$91015717 997 $aUNISA LEADER 01077cam--2200361---450- 001 990003695730203316 005 20121005134749.0 010 $a978-88-06-20504-1 035 $a000369573 035 $aUSA01000369573 035 $a(ALEPH)000369573USA01 035 $a000369573 100 $a20121005d2012----km-y0itay50------ba 101 0 $aita 102 $aIT 105 $aa|||z|||001yy 200 1 $a<> arte del Trecento in Europa$fMichele Tomasi 210 $aTorino$cEinaudi$d2012 215 $aXVI, 263 p.$cill.$d21 cm 225 2 $aPiccola biblioteca Einaudi$iMappe$v4 410 0$12001$aPiccola biblioteca Einaudi$iMappe$v4 606 0 $aArte$yEuropa$z1300-1399$2BNCF 676 $a709.023 700 1$aTOMASI,$bMichele$0326676 801 0$aIT$bsalbc$gISBD 912 $a990003695730203316 951 $aXII.2.A. 812$b237168 L.M.$cXII.2.A.$d00059088 959 $aBK 969 $aUMA 979 $aPASSARO$b90$c20121005$lUSA01$h1345 979 $aPASSARO$b90$c20121005$lUSA01$h1347 996 $aArte del Trecento in Europa$91078721 997 $aUNISA